000 01230cam a2200289 i 4500
003 SA-RiAUC
005 20260104141358.0
008 260101s1974 su f l f000r0 ara c
020 _a4319294
040 _aSA-JeALM
_bara
_cSA-RiAUC
_erda
043 _aa-su---
082 0 4 _a343.531093
_qSA-RiAUC
090 _a343.531093
_bس ع و
110 1 _aالسعودية
_eمؤلف.
240 1 0 _aنظام نقل الحجاج إلى المملكة وإعادتهم إلى بلادهم (1390 هـ.)
245 1 0 _aنظام نقل الحجاج إلى المملكة وإعادتهم إلى بلادهم.
264 1 _aمكة المكرمة :
_bمطبعة الحكومة،
_c1971
300 _a9 صفحة ؛
_c24 سم.
336 _aنص
_btxt
_2rdacontent
_3كتاب
337 _aبدون وسيط
_bn
_2rdamedia
650 7 _aالنقل
_xقوانين وتشريعات
_xمطبوعات حكومية
_zالسعودية
_2aucsh
650 7 _aالحج
_xقوانين وتشريعات
_xمطبوعات حكومية
_zالسعودية
_2aucsh
650 7 _aالمطبوعات الحكومية
_2aucsh
651 7 _aالسعودية
_xمطبوعات حكومية
_2aucsh
942 _2ddc
_cBOOK
_n0
949 _aSA-JeALM
_d260101
_uosman123
_n1
999 _c13893
_d13893